00625nam a2200145 a 450000100100000000500170001000800410002704000250006810000240009324501830011726000310030030000260033195201050035799900170046200003659020200930075820.0120120s1978 es 000 0 spa d aDO-SdBNPbspacBNPHU1 aMason, E. J.96286310aNormas de calidad de enfermeria :bmétodos de elaboración /cE.J. Mason ; revisión de la edición española Pilar Vilagrasa Ortí ; traducción Margarita Mogás Oliva. aBarcelona :bDoyma,c1978. aXVI, 279 p. ;c22 cm. 001050718MOaGRbGRcCTd2012-01-20iLF1l0o p36590-10r2020-06-25w2020-06-25y1ZNo se presta c36081d36081